Pays commençant par C - Statistiques

Statistiques générales
  • Ce quiz a été pris 2 381 fois
  • Le résultat moyen est 11 sur 15
Statistiques - réponses
Pays % Correct
Chine
89%
Canada
88%
Colombie
82%
Cameroun
76%
Croatie
76%
Chili
74%
Corée du Nord
74%
Corée du Sud
74%
Cuba
72%
Cambodge
71%
Chypre
70%
Comores
68%
Costa Rica
65%
Cap-Vert
56%
Côte d'Ivoire
53%
Aucun quiz correspondant
Distribution des résultats
% des personnes avec chaque résultat
Percentile par nombre de réponses
Votre historique - résultats
Vous n’avez pas pris ce quiz